Mammifères de A à Z - Images - Statistiques

Statistiques générales
  • Ce quiz a été pris 149 fois
  • Le résultat moyen est 18 sur 26
Statistiques - réponses
Par images Réponse % Correct
Dauphin
98%
Elephant
98%
Lion
98%
Kangourou
97%
Hyène
96%
Renard
95%
Tigre
95%
Babouin
91%
Guépard
91%
Jaguar
91%
Zèbre
91%
Antilope
86%
Narval
84%
Furet
81%
Suricate
78%
Yak
71%
Pangolin
70%
Capybara
62%
Okapi
62%
Mangouste
47%
Impala
43%
Wombat
39%
Vison
35%
Quokka
26%
Xérus
16%
Urial
7%
Aucun quiz correspondant
Distribution des résultats
% des personnes avec chaque résultat
Percentile par nombre de réponses
Votre historique - résultats
Vous n’avez pas pris ce quiz